| 000 | 00382 a2200109 4500 | ||
|---|---|---|---|
| 001 | ART_31306 | ||
| 005 | 20260410161840.0 | ||
| 008 | 260409a | ||
| 245 | 1 | 0 | _aProceso sumario de ilegitimidad en el Código Procesal Contencioso Administrativo de la provincia de Buenos Aires |
| 100 | 1 | _aTulia, Mauro A. | |
| 773 | 0 |
_tRAP _g- Año 37, Nº 433 (oct. 2014) _wREV5941 |
|
| 999 |
_c24039 _d24039 |
||